Normal view
MARC view
Entry Personal Name
001 - CONTROL NUMBER
- control field: 6746
003 - CONTROL NUMBER IDENTIFIER
- control field: OSt
005 - DATE AND TIME OF LATEST TRANSACTION
- control field: 20120917181413.0
008 - FIXED-LENGTH DATA ELEMENTS
- fixed length control field: 120917|||a|||||| | ||| d
040 ## - CATALOGING SOURCE
- Original cataloging agency: OSt
- Transcribing agency: OSt
100 ## - HEADING--PERSONAL NAME
- Personal name: Mckie, Sharon
670 ## - SOURCE DATA FOUND
- Source citation: Work cat.: (OSt): Mckie, Sharon , Tolley's estate planning 2010-11 / , 2010
